| 000 | 00492nam a2200169 4500 | ||
|---|---|---|---|
| 005 | 20260309152123.0 | ||
| 008 | 260309b |||||||| |||| 00| 0 eng d | ||
| 020 | _a978-93-91558-62-8 | ||
| 041 | _aMarathi | ||
| 082 | _aX 891 SHE B12266 | ||
| 100 |
_aशेषाद्री, हो. वे. _9216870 |
||
| 245 | _aफाळणीची शोकांतिका | ||
| 260 |
_aPune _bBharatiya Vichar Sadhana _c2022 |
||
| 300 |
_a335p _bpb |
||
| 365 |
_aRupaye _b350 _cINR |
||
| 942 | _cBK | ||
| 999 |
_c370615 _d370615 |
||